The Growth of the public sector in Malaysia

Bibliographic Details
Main Author: Ismail Muhd.Salleh
Other Authors: Osman Rani
Format: Book
Published: Kuala Lumpur : ISIS, mALAYSIA 1991
Subjects:

MARC

LEADER 00000cam a2200000 7i4500
001 0000002828
002 000003059
005 20000330.0
020 |a 9679471276 
090 0 0 |a 338.7409595   |b ISM 
100 0 |a Ismail Muhd.Salleh 
245 1 4 |a The Growth of the public sector in Malaysia   |c Ismail Muhd Salleh and Haji Osman Rani 
260 |a Kuala Lumpur :   |b ISIS, mALAYSIA 1991 
300 |a 130p. ;   |c 23cm. 
650 0 0 |a Government business enterprises   |z Malaysia 
650 0 0 |a Public sector   |z Malaysia 
651 0 |a Malaysia   |x Economic conditions 
700 0 |a Osman Rani 
999 |a 036433   |b BUKU   |c MALAYSIANA   |e PERPUSTAKAAN KOMUNITI PETALING JAYA 
999 |a 042102   |b BUKU   |c MALAYSIANA   |e PERPUSTAKAAN KOMUNITI PETALING JAYA